| 000 | 01153nam a2200229 a 4500 | ||
|---|---|---|---|
| 001 | 000250920 | ||
| 003 | AM-YeHGA | ||
| 005 | 20260406122836.0 | ||
| 008 | 030729s1987 ai a||||||||||||||1|arm|d | ||
| 040 | _aAM-YeHGA | ||
| 041 | 1 | _aarm | |
| 100 | 1 | _aՍտրելկով, Վիկտոր Ալեքսանդրովիչ | |
| 245 | 1 | 0 |
_aԱնօրինակ սխրանք : _bՎավերագրական պոեմ : Դպր. միջին և բարձր տարիքի համար / _cՎ. Ստրելկով ; Թարգմ.՝ Ա. Պողոսյան ; Խմբ.՝ Յու. Սահակյան ; Առաջաբ.՝ Զ. Բալայան. |
| 260 |
_aԵրևան : _bԱրևիկ, _c1987. |
||
| 300 |
_a30 էջ : _b4 ներդ. թ. լուսանկ. ; _c16 սմ. |
||
| 600 | 1 | 0 |
_aԿարապետյան, Շավարշ Վլադիմիրի, _d1953- _96971 |
| 650 | 1 | 0 |
_aՌուս գրականություն _xՊոեմ |
| 700 | 1 |
_aՊողոսյան, Արտաշես Ալեքսանդրի, _d1922-1997 _eթարգմ. _4trl _99416 |
|
| 700 | 1 |
_aԲալայան, Զորի Հայկի, _d1935-2026 _eառաջաբ. _4aui _91491 |
|
| 700 | 1 |
_aՍահակյան, Յուրի Հակոբի, _d1937-2019 _eխմբ. _4edt _92721 |
|
| 942 |
_2udc _cBK |
||
| 999 |
_c89904 _d89904 |
||